| 000 | 00559nam a22001697a 4500 | ||
|---|---|---|---|
| 008 | 131205b xxu||||| |||| 00| 0 eng d | ||
| 020 | _a9989113440 | ||
| 041 | 0 | _aeng | |
| 080 |
_a341.17 _a316.658 _x(063) |
||
| 245 | 1 | 0 |
_aProceedings : _cEditor in Chief: Biljana Sekulovska-Gaber. |
| 260 |
_aShkup : _bFaculty of Economics, _c2006. |
||
| 300 |
_a368 f. : _bme il. ; _c24 cm. |
||
| 650 | 0 | _aEdukimi | |
| 650 | 0 | _aEvropë | |
| 700 | _aTempus ; | ||
| 942 |
_2udc _cBK |
||
| 999 |
_c391 _d391 |
||